Galvanòmetres
Descripción Física:
30 p., il. ; 23 cm
Colección:
Text núm. 35
Otros Autores:
Catalunya. Extensió d'Ensenyament Tècnic
Materias:
Galvanòmetres
MARC
| LEADER | 00000nam a2200000Ia 4500 | ||
|---|---|---|---|
| 001 | 7712 | ||
| 008 | 160829s9999 xx 000 0 cat d | ||
| 080 | |a RF-5-31 | ||
| 245 | |a Galvanòmetres | ||
| 260 | |a Barcelona : |b Mancomunitat de Catalunya, Extensió d'Ensenyament Tècnic, [s.a.] | ||
| 300 | |a 30 p., il. ; |c 23 cm | ||
| 490 | |a Text núm. 35 | ||
| 650 | |a Galvanòmetres |9 22816 | ||
| 700 | |a Catalunya. Extensió d'Ensenyament Tècnic |9 20004 | ||
| 710 | 2 | |a Catalunya. |b Mancomunitat |9 53015 | |
| 856 | 4 | |u https://media.diba.cat/diba/fitxers/arxiu/fulletons/bib_7712_baixa.pdf |y Accés lliure | |
| 856 | 4 | |u https://media.diba.cat/diba/fitxers/arxiu/fulletons/bib_7712_baixa.pdf |y Accés lliure | |
| 901 | |a Arxiu | ||
| 942 | |n 1 |2 udc | ||
| 952 | |0 0 |1 0 |4 0 |6 RF531 |7 1 |9 44491 |a Arxiu |b Arxiu |d 2016-12-01 |l 0 |o RF-5-31 |p 7712 |r 2016-12-01 00:00:00 |w 2016-12-01 |y ARXIU | ||
| 999 | |c 47072 |d 47072 | ||
| 900 | |a bib_7712_baixa.pdf | ||